|
|
|
|
| LEADER |
00000nam a2200000Ii 4500 |
| 001 |
DIGEPUJ0275 |
| 003 |
NyNyDIG |
| 006 |
m o d |
| 007 |
cr ||||||||||| |
| 008 |
211014s2014 ck ob 000 0 spa d |
| 035 |
|
|
|a (OCoLC)1149801728
|
| 040 |
|
|
|a DGITA
|b eng
|e rda
|e pn
|c DGITA
|
| 020 |
|
|
|a 9789588856339
|q eBook
|
| 020 |
|
|
|z 9789588856322
|
| 050 |
1 |
4 |
|a JC143.M3946 ebook
|
| 082 |
0 |
4 |
|a 320.01
|
| 245 |
0 |
3 |
|a El príncipe de Maquiavelo :
|b desafíos, legados y significados /
|c Jorge Andrés López Rivera, compilador.
|
| 250 |
|
|
|a Primera edición.
|
| 264 |
|
1 |
|a Santiago de Cali, Colombia :
|b Sello Editorial Javeriano,
|c [2014]
|
| 300 |
|
|
|a 1 online resource.
|
| 336 |
|
|
|a text
|b txt
|2 rdacontent
|
| 337 |
|
|
|a computer
|b c
|2 rdamedia
|
| 338 |
|
|
|a online resource
|b cr
|2 rdacarrier
|
| 347 |
|
|
|a text file
|2 rdaft
|
| 347 |
|
|
|b EPUB
|
| 347 |
|
|
|b PDF
|
| 504 |
|
|
|a Includes bibliographical references.
|
| 505 |
0 |
|
|a La mentalidad del funcionario tras la escritura de El príncipe / Delfín Ignacio Grueso -- El príncipe : su escritura y sus figuras / Armando Villegas Contreras -- Las ironías de Maquiavelo : estándares generales y el consejo irónico en El príncipe / Érica Benner -- Lo que no puede la virtù del príncipe (ensayo sobre El príncipe de Maquiavelo) / Antonio Hermosa Andújar -- Virtud y fortuna en Maquiavelo como razón instrumental y contingencia / Luis Javier Orjuela Escobar -- Maquiavelo y las ciencias sociales contemporáneas / Alberto Valencia Gutiérrez -- "La naturaleza no le concede a los asuntos humanos ninguna quietud" : la fundamentación ontológica del realismo político en Maquiavelo / Carlos Andrés Ramírez Escobar -- El príncipe : ¿una teoría de la acción? / Ever Eduardo Velazco.
|
| 588 |
0 |
|
|a Online resource; title from ePub title page (Digitalia, viewed October 14, 2021)
|
| 600 |
1 |
0 |
|a Machiavelli, Niccolò,
|d 1469-1527.
|t Principe.
|
| 650 |
|
0 |
|a Political ethics.
|
| 650 |
|
0 |
|a Political science
|x Philosophy.
|
| 655 |
|
0 |
|a Electronic books.
|
| 700 |
1 |
|
|a López Rivera, Jorge Andrés,
|e editor.
|
| 791 |
2 |
|
|a Digitalia (Firm),
|e distributor.
|
| 793 |
0 |
|
|g Digitalia eBook Collection:
|a Pontificia Universidad Javeriana
|
| 776 |
0 |
8 |
|i Print version:
|t príncipe de Maquiavelo.
|b Primera edición.
|d Santiago de Cali, Colombia: Sello Editorial Javeriano, [2014]
|z 9789588856322
|
| 856 |
4 |
0 |
|3 Digitalia Hispánica
|u https://www.digitaliapublishing.com/a/63941/
|
| 910 |
|
|
|a Premium collection: 2021
|